|
|
|
|
| LEADER |
00871nam a2200229 u 4500 |
| 001 |
10003649 |
| 003 |
upatras |
| 005 |
20210117203538.0 |
| 008 |
881025s1978 eng |
| 020 |
|
|
|a 0140135111
|
| 040 |
|
|
|a GR-PaULI
|c GR-PaULI
|
| 041 |
0 |
|
|a eng
|
| 082 |
0 |
4 |
|a 160
|
| 100 |
1 |
|
|a Smullyan, Raymond
|9 9276
|
| 245 |
1 |
0 |
|a What is the name of this book
|b the riddle of dracoula and other logical puzzles
|c Raymond Smullyan
|
| 260 |
|
|
|a London
|b Penguin Books
|c 1978
|
| 300 |
|
|
|a 255 p.
|b fig.
|c 20 cm
|
| 650 |
|
4 |
|a Λογική
|9 325
|
| 852 |
|
|
|a GR-PaULI
|b ΠΑΤΡΑ
|b ΒΚΠ
|b ΓΡΑ
|k ΑΣΧΞ
|h 160 S
|m 13818
|p 025000061843
|t 1
|
| 942 |
|
|
|2 ddc
|c BK15
|
| 952 |
|
|
|0 1
|1 0
|2 ddc
|4 0
|6 160_000000000000000_S
|7 0
|9 118131
|a LISP
|b LISP
|c ADM
|d 2016-04-24
|i 13818
|l 0
|o 160 S
|p 025000061843
|r 2016-04-24 00:00:00
|t 1
|w 2016-04-24
|y BK15
|z Χαμένο, σε αναζήτηση
|
| 999 |
|
|
|c 78673
|d 78673
|